000 00400nam a2200157Ia 4500
008 210719s1975 xx 000 0 und d
041 _aeng
082 _a255.53 JESU
100 _aJESUITS;
245 _aJesuits year book of the society of Jesus 1975-1976.
260 _aRome.
_bJesuit General Curia.,
_c1975
300 _a159
_bPB
365 _cRs
650 _aChristianity
906 _aJesuits
999 _c213189
_d213189